00281nam a2200121Ia 4500008004100000082001500041100001800056245001900074260002000093300000800113630001900121730001900140100122s9999 xx 000 0 und d b20234a823 aGREENE GRAHAM aSTAMBOUL TRAIN bHEINEMANNc1959 a264 aSTAMBOUL TRAIN aSTAMBOUL TRAIN